| 000 | 00802nam a2200253 a 4500 | ||
|---|---|---|---|
| 001 | 71128 | ||
| 003 | BD-RjUL | ||
| 005 | 20211209082100.0 | ||
| 008 | 170426s1955 enka 001 0 eng d | ||
| 035 | _a(BD-RjUL)71343 | ||
| 040 |
_aCarP _beng _cBD-RjUL |
||
| 041 | _aeng | ||
| 082 |
_223 _a539.7213 _bBAN 1955 |
||
| 100 | 1 |
_aBacon, G. E. _q(George Edward), _d1917- _9210445 |
|
| 245 | 1 | 0 |
_aNeutron diffraction / _cby G.E. Bacon |
| 260 |
_aOxford : _bClarendon Press, _c1955 |
||
| 300 |
_aix, 299 p : _bill. ; _c23 cm. |
||
| 490 | _aMonographs on the physics and chemistry of materials | ||
| 500 | _aIncludes Indexes | ||
| 650 | 0 |
_aNeutrons _xDiffraction _9210446 |
|
| 650 | 0 |
_aNeutrons _xScattering _9210447 |
|
| 830 | 0 |
_aMonographs on the physics and chemistry of materials _9210449 |
|
| 942 |
_2ddc _cBK |
||
| 999 |
_c71128 _d71128 |
||